[Event "DEM U16 2022"]
[Site "Willingen GER"]
[Date "2022.06.05"]
[Round "1"]
[White "Gluma, Christian"]
[Black "Lutsko, Artem"]
[Result "0-1"]
[Termination "normal"]
[Board "1"]
[WhiteElo "2014"]
[BlackElo "2392"]
[WhiteClock "00:04:13"]
[BlackClock "00:04:10"]
[PlyCount "116"]
[WhiteFideId "16223209"]
[BlackFideId "14188767"]
[EventCountry "GER"]
[EventRounds "9"]
[EventType "swiss"]
[EventDate "2022.06.04"]

1. e4 {[%clk 1:30:57]} c5 {[%clk 1:30:57]} 2. Nf3 {[%clk 1:31:18]} d6 {[%clk
1:31:24]} 3. d4 {[%clk 1:29:24]} cxd4 {[%clk 1:31:51]} 4. Nxd4 {[%clk 1:29:50]}
Nf6 {[%clk 1:32:17]} 5. Nc3 {[%clk 1:30:08]} a6 {[%clk 1:32:40]} 6. Be2 {[%clk
1:28:52]} e5 {[%clk 1:33:05]} 7. Nb3 {[%clk 1:27:19]} Be7 {[%clk 1:33:29]} 8.
Be3 {[%clk 1:23:19]} Be6 {[%clk 1:33:55]} 9. a4 {[%clk 1:20:49]} Nc6 {[%clk
1:27:47]} 10. O-O {[%clk 1:11:54]} O-O {[%clk 1:28:14]} 11. Qd2 {[%clk
1:07:32]} Rc8 {[%clk 1:15:15]} 12. Rfd1 {[%clk 0:59:33]} Nb4 {[%clk 1:12:46]}
13. Rac1 {[%clk 0:49:11]} d5 {[%clk 0:53:06]} 14. exd5 {[%clk 0:46:34]} Nfxd5
{[%clk 0:51:58]} 15. Nxd5 {[%clk 0:40:54]} Bxd5 {[%clk 0:51:10]} 16. Nc5 {[%clk
0:34:01]} Na2 {[%clk 0:34:08]} 17. Ra1 {[%clk 0:14:57]} Bxc5 {[%clk 0:34:34]}
18. Bxc5 {[%clk 0:12:14]} Rxc5 {[%clk 0:35:00]} 19. Bf3 {[%clk 0:10:34]} Qb6
{[%clk 0:32:54]} 20. Bxd5 {[%clk 0:10:02]} Nb4 {[%clk 0:33:21]} 21. Be4 {[%clk
0:08:37]} f5 {[%clk 0:09:10]} 22. c3 {[%clk 0:08:33]} fxe4 {[%clk 0:09:38]} 23.
cxb4 {[%clk 0:08:50]} Rc6 {[%clk 0:09:39]} 24. Rf1 Qd4 {[%clk 0:08:13]} 25.
Rad1 {[%clk 0:05:01]} Qxd2 {[%clk 0:08:09]} 26. Rxd2 {[%clk 0:05:25]} Rc4
{[%clk 0:08:36]} 27. b5 {[%clk 0:04:49]} Rxa4 {[%clk 0:08:21]} 28. bxa6 {[%clk
0:04:17]} bxa6 {[%clk 0:08:49]} 29. g3 {[%clk 0:03:42]} Rd4 {[%clk 0:04:37]}
30. Rc2 {[%clk 0:03:42]} a5 {[%clk 0:05:04]} 31. Ra1 {[%clk 0:02:29]} a4 {[%clk
0:05:00]} 32. Ra3 {[%clk 0:01:55]} Rf3 {[%clk 0:05:19]} 33. Rcc3 {[%clk
0:01:23]} Rb4 {[%clk 0:02:56]} 34. Rc7 {[%clk 0:00:48]} Rxa3 {[%clk 0:00:36]}
35. bxa3 {[%clk 0:01:13]} Rb3 {[%clk 0:01:03]} 36. Ra7 {[%clk 0:00:51]} Rxa3
{[%clk 0:01:27]} 37. Kf1 {[%clk 0:01:02]} Ra2 {[%clk 0:01:36]} 38. Ke1 {[%clk
0:00:59]} h5 {[%clk 0:01:14]} 39. h3 {[%clk 0:00:38]} Kh7 {[%clk 0:00:33]} 40.
Ra6 {[%clk 0:00:54]} a3 {[%clk 0:00:36]} 41. Kd1 {[%clk 0:00:40]} Rxf2 {[%clk
0:00:44]} 42. Rxa3 {[%clk 0:00:58]} Rf3 {[%clk 0:01:11]} 43. Ra4 {[%clk
0:00:44]} Rxg3 {[%clk 0:01:35]} 44. Rxe4 {[%clk 0:01:05]} Rxh3 {[%clk 0:01:56]}
45. Ke2 {[%clk 0:01:24]} g5 {[%clk 0:01:41]} 46. Rxe5 {[%clk 0:01:45]} Kg6
{[%clk 0:02:08]} 47. Kf2 {[%clk 0:02:03]} h4 {[%clk 0:02:31]} 48. Ra5 {[%clk
0:02:23]} Rb3 {[%clk 0:02:35]} 49. Kg2 {[%clk 0:02:37]} Re3 {[%clk 0:02:25]}
50. Rb5 {[%clk 0:02:58]} Kh5 {[%clk 0:02:02]} 51. Rb8 {[%clk 0:03:15]} Kg4
{[%clk 0:02:19]} 52. Rb4+ {[%clk 0:03:33]} Kf5 {[%clk 0:02:45]} 53. Rb5+ {[%clk
0:03:51]} Kf4 {[%clk 0:03:11]} 54. Rb4+ {[%clk 0:04:01]} Re4 {[%clk 0:03:38]}
55. Rb8 {[%clk 0:04:00]} Re2+ {[%clk 0:03:21]} 56. Kf1 {[%clk 0:04:13]} Ra2
{[%clk 0:03:47]} 57. Rb3 {[%clk 0:04:02]} g4 {[%clk 0:03:51]} 58. Kg1 {[%clk
0:04:13]} Re2 {[%clk 0:04:10]} 0-1

[Event "DEM U16 2022"]
[Site "Willingen GER"]
[Date "2022.06.05"]
[Round "1"]
[White "Petrovskyi, Vadym"]
[Black "Stork, Christopher"]
[Result "1-0"]
[Termination "normal"]
[Board "2"]
[WhiteElo "2330"]
[BlackElo "1994"]
[WhiteClock "00:38:06"]
[BlackClock "00:11:16"]
[PlyCount "63"]
[WhiteFideId "14165210"]
[BlackFideId "16215400"]
[EventCountry "GER"]
[EventRounds "9"]
[EventType "swiss"]
[EventDate "2022.06.04"]

1. e4 {[%clk 1:30:58]} c5 {[%clk 1:30:47]} 2. Nf3 {[%clk 1:31:22]} a6 {[%clk
1:31:13]} 3. c4 {[%clk 1:31:46]} Nc6 {[%clk 1:31:38]} 4. d4 {[%clk 1:32:10]}
cxd4 {[%clk 1:32:01]} 5. Nxd4 {[%clk 1:32:38]} e5 {[%clk 1:31:59]} 6. Nf5
{[%clk 1:32:10]} d6 {[%clk 1:31:18]} 7. Ne3 {[%clk 1:30:51]} g6 {[%clk
1:25:57]} 8. Nc3 {[%clk 1:27:34]} Bh6 {[%clk 1:25:58]} 9. Nc2 {[%clk 1:21:23]}
Bxc1 {[%clk 1:26:19]} 10. Rxc1 {[%clk 1:21:51]} Be6 {[%clk 1:16:31]} 11. Qd2
{[%clk 1:20:30]} Nge7 {[%clk 1:02:40]} 12. Be2 {[%clk 1:15:31]} O-O {[%clk
1:00:57]} 13. O-O {[%clk 1:05:40]} Qd7 {[%clk 0:53:26]} 14. Rfd1 {[%clk
1:04:31]} Rfd8 {[%clk 0:42:53]} 15. Nd5 {[%clk 1:03:23]} Bxd5 {[%clk 0:42:44]}
16. cxd5 {[%clk 1:03:51]} Na7 {[%clk 0:36:56]} 17. Ne3 {[%clk 1:03:50]} Kg7
{[%clk 0:32:56]} 18. Bg4 {[%clk 1:02:21]} Qe8 {[%clk 0:32:17]} 19. Rc7 {[%clk
0:59:42]} Rab8 {[%clk 0:29:39]} 20. a4 {[%clk 0:58:29]} Nac8 {[%clk 0:28:48]}
21. Rdc1 {[%clk 0:52:37]} Ng8 {[%clk 0:20:53]} 22. b3 {[%clk 0:51:05]} Nce7
{[%clk 0:19:33]} 23. Bh3 {[%clk 0:47:19]} Nf6 {[%clk 0:18:50]} 24. f3 {[%clk
0:47:05]} b5 {[%clk 0:16:28]} 25. a5 {[%clk 0:46:42]} Nd7 {[%clk 0:14:36]} 26.
b4 {[%clk 0:37:19]} Rbc8 {[%clk 0:13:02]} 27. Bxd7 {[%clk 0:36:53]} Rxd7 {[%clk
0:13:30]} 28. Rxc8 {[%clk 0:37:14]} Nxc8 {[%clk 0:13:59]} 29. Ng4 {[%clk
0:37:35]} f5 {[%clk 0:10:36]} 30. Qh6+ {[%clk 0:37:52]} Kf7 {[%clk 0:10:51]}
31. Rxc8 {[%clk 0:37:42]} Qxc8 {[%clk 0:11:16]} 32. Qxh7+ {[%clk 0:38:06]} 1-0

[Event "DEM U16 2022"]
[Site "Willingen GER"]
[Date "2022.06.05"]
[Round "1"]
[White "Bungarten, Jona"]
[Black "Farokhi, Keyvan"]
[Result "0-1"]
[Termination "normal"]
[Board "3"]
[WhiteElo "1843"]
[BlackElo "2360"]
[WhiteClock "00:17:57"]
[BlackClock "00:47:24"]
[PlyCount "44"]
[WhiteFideId "16223608"]
[BlackFideId "12998630"]
[EventCountry "GER"]
[EventRounds "9"]
[EventType "swiss"]
[EventDate "2022.06.04"]

1. e4 {[%clk 1:30:58]} c5 {[%clk 1:30:50]} 2. d4 {[%clk 1:31:11]} cxd4 {[%clk
1:31:08]} 3. c3 {[%clk 1:31:34]} dxc3 {[%clk 1:31:21]} 4. Nxc3 {[%clk 1:31:55]}
Nc6 {[%clk 1:31:43]} 5. Nf3 {[%clk 1:32:11]} e6 {[%clk 1:32:00]} 6. Bc4 {[%clk
1:32:16]} Bb4 {[%clk 1:32:15]} 7. O-O {[%clk 1:31:03]} Nge7 {[%clk 1:32:35]} 8.
Nb5 {[%clk 1:26:16]} d5 {[%clk 1:31:34]} 9. exd5 {[%clk 1:25:54]} exd5 {[%clk
1:31:54]} 10. Bxd5 {[%clk 1:25:44]} Nxd5 {[%clk 1:32:14]} 11. Qxd5 {[%clk
1:26:06]} O-O {[%clk 1:32:35]} 12. Qh5 {[%clk 1:19:40]} Qa5 {[%clk 1:04:39]}
13. a3 {[%clk 1:05:57]} a6 {[%clk 0:58:30]} 14. axb4 {[%clk 1:06:09]} Qxa1
{[%clk 0:58:46]} 15. Nc7 {[%clk 1:02:04]} Rb8 {[%clk 0:56:43]} 16. Ne5 {[%clk
0:35:51]} Qb1 {[%clk 0:54:01]} 17. Nxa6 {[%clk 0:28:59]} Ra8 {[%clk 0:49:07]}
18. Nc7 {[%clk 0:29:01]} Ra1 {[%clk 0:49:12]} 19. g4 {[%clk 0:21:54]} Nxe5
{[%clk 0:47:56]} 20. Qxe5 {[%clk 0:22:12]} Bxg4 {[%clk 0:48:03]} 21. Nd5 {[%clk
0:19:05]} Bh3 {[%clk 0:47:55]} 22. Qd6 {[%clk 0:17:57]} Bxf1 {[%clk 0:47:24]}
0-1

[Event "DEM U16 2022"]
[Site "Willingen GER"]
[Date "2022.06.05"]
[Round "1"]
[White "Spriestersbach, Kai"]
[Black "Laux, Dominik"]
[Result "0-1"]
[Termination "normal"]
[Board "5"]
[WhiteElo "1948"]
[BlackElo "2263"]
[WhiteClock "00:11:57"]
[BlackClock "00:20:11"]
[PlyCount "62"]
[WhiteFideId "16269985"]
[BlackFideId "12994219"]
[EventCountry "GER"]
[EventRounds "9"]
[EventType "swiss"]
[EventDate "2022.06.04"]

1. e4 {[%clk 1:30:56]} c5 {[%clk 1:30:39]} 2. Nf3 {[%clk 1:31:20]} d6 {[%clk
1:30:57]} 3. d4 {[%clk 1:31:45]} cxd4 {[%clk 1:31:16]} 4. Nxd4 {[%clk 1:32:09]}
Nf6 {[%clk 1:31:25]} 5. Nc3 {[%clk 1:32:34]} a6 {[%clk 1:31:39]} 6. h3 {[%clk
1:31:27]} e5 {[%clk 1:31:39]} 7. Nb3 {[%clk 1:31:55]} Be7 {[%clk 1:30:31]} 8.
Be3 {[%clk 1:32:16]} h6 {[%clk 1:27:01]} 9. Qf3 {[%clk 1:27:14]} b5 {[%clk
1:21:39]} 10. O-O-O {[%clk 1:17:59]} Nbd7 {[%clk 1:17:49]} 11. g4 {[%clk
1:14:53]} Bb7 {[%clk 1:15:16]} 12. Kb1 {[%clk 1:12:15]} Rc8 {[%clk 1:12:50]}
13. Nd5 {[%clk 1:09:50]} Nxd5 {[%clk 1:10:16]} 14. exd5 {[%clk 1:10:13]} Nf6
{[%clk 1:08:25]} 15. Bg2 {[%clk 0:52:14]} e4 {[%clk 0:58:59]} 16. Qg3 {[%clk
0:48:01]} Bxd5 {[%clk 0:51:50]} 17. h4 {[%clk 0:43:29]} Be6 {[%clk 0:43:48]}
18. Nd4 {[%clk 0:39:00]} Bxg4 {[%clk 0:37:11]} 19. f3 {[%clk 0:38:21]} exf3
{[%clk 0:36:06]} 20. Bxf3 {[%clk 0:38:41]} Qd7 {[%clk 0:33:49]} 21. Rhg1 {[%clk
0:37:34]} h5 {[%clk 0:31:33]} 22. Bg5 {[%clk 0:36:51]} O-O {[%clk 0:30:14]} 23.
Qf4 {[%clk 0:32:46]} Rc4 {[%clk 0:26:06]} 24. b3 {[%clk 0:26:52]} Rc5 {[%clk
0:26:02]} 25. Bxf6 Bxf6 {[%clk 0:26:16]} 26. Bxg4 {[%clk 0:22:43]} hxg4 {[%clk
0:26:07]} 27. Rxg4 Re8 {[%clk 0:24:35]} 28. Nf3 {[%clk 0:17:50]} Rf5 {[%clk
0:21:23]} 29. Qg3 Re3 {[%clk 0:19:57]} 30. Rxd6 {[%clk 0:12:00]} Rfxf3 {[%clk
0:19:48]} 31. Qxf3 {[%clk 0:11:57]} Re1+ {[%clk 0:20:11]} 0-1

[Event "DEM U16 2022"]
[Site "Willingen GER"]
[Date "2022.06.05"]
[Round "1"]
[White "Hommer, Jeremy"]
[Black "Rempe, Jonas"]
[Result "1-0"]
[Termination "normal"]
[Board "6"]
[WhiteElo "2123"]
[BlackElo "1856"]
[WhiteClock "00:33:38"]
[BlackClock "00:29:41"]
[PlyCount "93"]
[WhiteFideId "12992577"]
[BlackFideId "16202406"]
[EventCountry "GER"]
[EventRounds "9"]
[EventType "swiss"]
[EventDate "2022.06.04"]

1. d4 {[%clk 1:30:50]} Nf6 {[%clk 1:30:51]} 2. Nf3 {[%clk 1:31:11]} g6 {[%clk
1:31:14]} 3. Nbd2 {[%clk 1:31:34]} Bg7 {[%clk 1:25:49]} 4. e4 {[%clk 1:31:54]}
d6 {[%clk 1:26:16]} 5. Bd3 {[%clk 1:32:11]} O-O {[%clk 1:26:39]} 6. O-O {[%clk
1:32:10]} Nbd7 {[%clk 1:27:05]} 7. c3 {[%clk 1:32:32]} e5 {[%clk 1:22:25]} 8.
Re1 {[%clk 1:32:44]} c6 {[%clk 1:18:28]} 9. a4 {[%clk 1:29:48]} Qc7 {[%clk
1:18:39]} 10. h3 {[%clk 1:26:45]} h6 {[%clk 1:02:48]} 11. a5 {[%clk 1:26:26]}
Re8 {[%clk 0:57:33]} 12. dxe5 {[%clk 1:08:56]} dxe5 {[%clk 0:46:00]} 13. b4
{[%clk 1:08:45]} Nf8 {[%clk 0:41:45]} 14. Bf1 {[%clk 1:02:51]} Be6 {[%clk
0:37:51]} 15. Nc4 {[%clk 0:59:16]} Rad8 {[%clk 0:36:26]} 16. Qc2 {[%clk
0:59:15]} N6h7 {[%clk 0:36:29]} 17. Be3 {[%clk 0:58:38]} Bxc4 {[%clk 0:32:33]}
18. Bxc4 {[%clk 0:58:41]} b5 {[%clk 0:32:02]} 19. axb6 {[%clk 0:57:39]} axb6
{[%clk 0:32:26]} 20. Ra6 {[%clk 0:57:25]} Rb8 {[%clk 0:24:17]} 21. Rea1 {[%clk
0:50:55]} Ne6 {[%clk 0:20:48]} 22. Qa2 {[%clk 0:43:45]} Nhf8 {[%clk 0:20:43]}
23. Nd2 {[%clk 0:37:12]} b5 {[%clk 0:16:21]} 24. Ra7 {[%clk 0:35:16]} Rb7
{[%clk 0:16:19]} 25. Bf1 {[%clk 0:34:35]} Reb8 {[%clk 0:14:16]} 26. Nb3 {[%clk
0:32:29]} Nd7 {[%clk 0:13:13]} 27. Ra6 {[%clk 0:15:33]} c5 {[%clk 0:11:48]} 28.
bxc5 {[%clk 0:15:35]} Ndxc5 {[%clk 0:11:32]} 29. Nxc5 {[%clk 0:15:47]} Nxc5
{[%clk 0:11:05]} 30. Rxg6 {[%clk 0:14:58]} Kh7 {[%clk 0:10:33]} 31. Rg4 {[%clk
0:14:36]} Na4 {[%clk 0:06:47]} 32. c4 {[%clk 0:11:19]} Nc3 {[%clk 0:05:27]} 33.
Qb3 {[%clk 0:08:29]} f5 {[%clk 0:02:20]} 34. exf5 {[%clk 0:03:45]} e4 {[%clk
0:02:49]} 35. f6 {[%clk 0:03:37]} Bxf6 {[%clk 0:02:55]} 36. Ra6 {[%clk
0:03:41]} Qe7 {[%clk 0:02:04]} 37. Qxc3 {[%clk 0:03:14]} Rb6 {[%clk 0:00:47]}
38. Rxb6 {[%clk 0:03:15]} Rxb6 {[%clk 0:01:16]} 39. Qc2 {[%clk 0:03:01]} Re6
{[%clk 0:00:31]} 40. cxb5 {[%clk 0:03:19]} h5 {[%clk 0:00:33]} 41. Rxe4 {[%clk
0:03:20]} Kg7 {[%clk 0:00:44]} 42. Rxe6 {[%clk 0:03:39]} Qxe6 {[%clk 0:01:07]}
43. b6 {[%clk 0:04:01]} Be5 {[%clk 0:30:28]} 44. Qc4 {[%clk 0:33:48]} Qf6
{[%clk 0:30:23]} 45. b7 {[%clk 0:33:42]} Qf7 {[%clk 0:29:21]} 46. Bd4 {[%clk
0:33:19]} Qf4 {[%clk 0:29:41]} 47. Bxe5+ {[%clk 0:33:38]} 1-0

[Event "DEM U16 2022"]
[Site "Willingen GER"]
[Date "2022.06.05"]
[Round "1"]
[White "Tovmasyan, Minas"]
[Black "Bakiev, Diyor"]
[Result "0-1"]
[Termination "normal"]
[Board "7"]
[WhiteElo "1933"]
[BlackElo "2236"]
[WhiteClock "00:00:50"]
[BlackClock "00:01:48"]
[PlyCount "118"]
[WhiteFideId "16247620"]
[BlackFideId "16241584"]
[EventCountry "GER"]
[EventRounds "9"]
[EventType "swiss"]
[EventDate "2022.06.04"]

1. d4 {[%clk 1:30:55]} Nf6 {[%clk 1:30:52]} 2. c4 {[%clk 1:31:15]} c5 {[%clk
1:31:11]} 3. d5 {[%clk 1:31:34]} e6 {[%clk 1:31:35]} 4. Nc3 {[%clk 1:31:51]}
exd5 {[%clk 1:31:22]} 5. cxd5 {[%clk 1:32:14]} d6 {[%clk 1:31:48]} 6. Nf3
{[%clk 1:32:29]} g6 {[%clk 1:32:00]} 7. Nd2 {[%clk 1:32:11]} Bg7 {[%clk
1:31:57]} 8. e4 {[%clk 1:32:29]} O-O {[%clk 1:31:53]} 9. Be2 {[%clk 1:32:37]}
Re8 {[%clk 1:31:33]} 10. O-O {[%clk 1:32:49]} Na6 {[%clk 1:31:31]} 11. f3
{[%clk 1:31:26]} Nc7 {[%clk 1:31:06]} 12. a4 {[%clk 1:31:31]} b6 {[%clk
1:30:50]} 13. Nc4 {[%clk 1:30:13]} Ba6 {[%clk 1:30:57]} 14. Bf4 {[%clk
1:27:15]} Bxc4 {[%clk 1:30:35]} 15. Bxc4 {[%clk 1:27:38]} a6 {[%clk 1:28:51]}
16. Qd2 {[%clk 1:08:08]} Qd7 {[%clk 1:17:32]} 17. Rfe1 {[%clk 0:52:56]} b5
{[%clk 1:13:47]} 18. Bf1 {[%clk 0:52:31]} b4 {[%clk 1:08:14]} 19. Nd1 {[%clk
0:43:58]} Nh5 {[%clk 0:48:31]} 20. Be3 {[%clk 0:42:23]} Qe7 {[%clk 0:41:25]}
21. Bf2 {[%clk 0:22:08]} Qf6 {[%clk 0:30:03]} 22. Rb1 {[%clk 0:20:36]} b3
{[%clk 0:23:24]} 23. Ne3 {[%clk 0:16:41]} Rab8 {[%clk 0:22:15]} 24. Nc4 {[%clk
0:06:30]} Rb4 {[%clk 0:15:32]} 25. Be3 {[%clk 0:01:30]} Rxa4 {[%clk 0:10:30]}
26. Bg5 {[%clk 0:00:36]} Qd4+ {[%clk 0:10:15]} 27. Be3 {[%clk 0:01:05]} Qxd2
{[%clk 0:09:45]} 28. Bxd2 {[%clk 0:01:33]} Bd4+ {[%clk 0:08:59]} 29. Be3 {[%clk
0:01:19]} Rd8 {[%clk 0:02:35]} 30. Bxd4 {[%clk 0:00:48]} cxd4 {[%clk 0:03:04]}
31. Ra1 {[%clk 0:01:10]} Rxa1 {[%clk 0:02:13]} 32. Rxa1 {[%clk 0:01:39]} f5
{[%clk 0:00:45]} 33. exf5 {[%clk 0:01:12]} gxf5 {[%clk 0:00:53]} 34. Bd3 {[%clk
0:01:02]} Nxd5 {[%clk 0:00:41]} 35. Bxf5 {[%clk 0:01:03]} Nb4 {[%clk 0:00:43]}
36. Ra4 {[%clk 0:00:57]} d5 {[%clk 0:00:36]} 37. Nd2 {[%clk 0:01:03]} Rb8
{[%clk 0:00:34]} 38. Nxb3 {[%clk 0:00:56]} d3 {[%clk 0:00:47]} 39. Nd2 {[%clk
0:00:43]} Ng7 {[%clk 0:00:54]} 40. Bd7 {[%clk 0:00:32]} Nc2 {[%clk 0:00:32]}
41. b3 {[%clk 0:29:14]} Nb4 {[%clk 0:21:25]} 42. g4 {[%clk 0:24:14]} Kf7 {[%clk
0:20:27]} 43. Kf2 {[%clk 0:23:39]} Ke7 {[%clk 0:16:13]} 44. Bc8 {[%clk
0:22:41]} Kd6 {[%clk 0:13:19]} 45. g5 {[%clk 0:12:01]} Kc5 {[%clk 0:12:33]} 46.
Bg4 {[%clk 0:04:13]} Re8 {[%clk 0:06:21]} 47. f4 {[%clk 0:03:23]} Ne6 {[%clk
0:05:13]} 48. Kg3 {[%clk 0:00:41]} Nd4 {[%clk 0:04:38]} 49. Ra1 {[%clk
0:00:36]} Nbc2 {[%clk 0:03:57]} 50. Ra5+ {[%clk 0:00:32]} Kb4 {[%clk 0:03:35]}
51. Rxd5 {[%clk 0:00:37]} Kc3 {[%clk 0:03:52]} 52. Nf1 {[%clk 0:00:38]} Ne2+
{[%clk 0:02:43]} 53. Kf2 {[%clk 0:00:31]} Nxf4 {[%clk 0:02:51]} 54. Rc5+ {[%clk
0:00:48]} Kb2 55. Bf5 {[%clk 0:01:14]} Kc1 {[%clk 0:01:42]} 56. Kf3 {[%clk
0:00:43]} Re1 {[%clk 0:01:21]} 57. Kf2 {[%clk 0:00:46]} Kd1 {[%clk 0:01:11]}
58. Rxc2 {[%clk 0:00:49]} Rxf1+ {[%clk 0:01:22]} 59. Kxf1 {[%clk 0:00:50]} dxc2
{[%clk 0:01:48]} 0-1

[Event "DEM U16 2022"]
[Site "Willingen GER"]
[Date "2022.06.05"]
[Round "1"]
[White "Bui, Bao Anh Le"]
[Black "Hecht, Jonas Christian"]
[Result "1-0"]
[Termination "normal"]
[Board "10"]
[WhiteElo "2127"]
[BlackElo "1938"]
[WhiteClock "00:04:40"]
[BlackClock "00:02:33"]
[PlyCount "69"]
[WhiteFideId "12970719"]
[BlackFideId "16214846"]
[EventCountry "GER"]
[EventRounds "9"]
[EventType "swiss"]
[EventDate "2022.06.04"]

1. e4 {[%clk 1:30:19]} c5 {[%clk 1:30:57]} 2. Nf3 {[%clk 1:30:29]} e6 {[%clk
1:31:21]} 3. d4 {[%clk 1:28:57]} cxd4 {[%clk 1:31:47]} 4. Nxd4 {[%clk 1:29:21]}
Nc6 {[%clk 1:32:15]} 5. Nc3 {[%clk 1:27:52]} Qc7 {[%clk 1:32:41]} 6. Qd3 {[%clk
1:28:16]} a6 {[%clk 1:30:05]} 7. Nxc6 {[%clk 1:28:00]} bxc6 {[%clk 1:22:55]} 8.
Qg3 {[%clk 1:27:33]} Qxg3 {[%clk 1:21:56]} 9. hxg3 {[%clk 1:27:57]} e5 {[%clk
1:18:57]} 10. f4 {[%clk 1:00:09]} Bb4 {[%clk 1:14:24]} 11. fxe5 {[%clk
0:53:06]} Ne7 {[%clk 1:11:22]} 12. Bd2 {[%clk 0:51:56]} Ng6 {[%clk 1:08:35]}
13. Rh5 {[%clk 0:49:35]} O-O {[%clk 0:48:16]} 14. a3 {[%clk 0:27:52]} Be7
{[%clk 0:40:36]} 15. Bf4 {[%clk 0:21:17]} Bd8 {[%clk 0:26:45]} 16. Bc4 {[%clk
0:18:36]} Bb6 {[%clk 0:24:53]} 17. Na4 {[%clk 0:15:38]} Ba7 {[%clk 0:22:24]}
18. Kd2 {[%clk 0:11:16]} Bb7 {[%clk 0:15:44]} 19. Ke2 {[%clk 0:10:54]} Rae8
{[%clk 0:13:20]} 20. Rah1 {[%clk 0:09:23]} h6 {[%clk 0:12:25]} 21. Rd1 {[%clk
0:07:20]} Bc8 {[%clk 0:11:55]} 22. Rd6 {[%clk 0:06:08]} Nxf4+ {[%clk 0:11:00]}
23. gxf4 {[%clk 0:06:32]} Bb8 {[%clk 0:11:24]} 24. Nc5 {[%clk 0:06:56]} Bxd6
{[%clk 0:10:49]} 25. exd6 {[%clk 0:07:21]} g5 {[%clk 0:07:58]} 26. g3 {[%clk
0:06:38]} gxf4 {[%clk 0:06:46]} 27. gxf4 {[%clk 0:07:04]} Kg7 {[%clk 0:07:01]}
28. Kf3 {[%clk 0:07:11]} Kg6 {[%clk 0:06:07]} 29. Rh1 {[%clk 0:07:04]} Kg7
{[%clk 0:04:53]} 30. e5 {[%clk 0:04:51]} Kg6 {[%clk 0:01:59]} 31. Rg1+ {[%clk
0:04:08]} Kh7 {[%clk 0:02:20]} 32. Ne4 {[%clk 0:03:42]} f6 {[%clk 0:01:54]} 33.
Nxf6+ {[%clk 0:03:58]} Rxf6 {[%clk 0:02:15]} 34. exf6 {[%clk 0:04:24]} Rf8
{[%clk 0:02:33]} 35. f7 {[%clk 0:04:40]} 1-0

[Event "DEM U16 2022"]
[Site "Willingen GER"]
[Date "2022.06.05"]
[Round "1"]
[White "Neuber, Pascal"]
[Black "Jaskulski, Jan"]
[Result "0-1"]
[Termination "normal"]
[Board "11"]
[WhiteElo "1802"]
[BlackElo "1727"]
[WhiteClock "00:11:12"]
[BlackClock "00:35:19"]
[PlyCount "44"]
[WhiteFideId "16227611"]
[BlackFideId "21877807"]
[EventCountry "GER"]
[EventRounds "9"]
[EventType "swiss"]
[EventDate "2022.06.04"]

1. e4 {[%clk 1:30:57]} c5 {[%clk 1:30:38]} 2. c4 {[%clk 1:31:13]} Nc6 {[%clk
1:30:58]} 3. Nc3 {[%clk 1:31:43]} g6 {[%clk 1:31:11]} 4. g3 {[%clk 1:32:04]}
Bg7 {[%clk 1:31:03]} 5. Bg2 {[%clk 1:32:27]} e6 {[%clk 1:29:24]} 6. Nge2 {[%clk
1:32:44]} Nge7 {[%clk 1:29:48]} 7. O-O {[%clk 1:33:00]} O-O {[%clk 1:30:10]} 8.
d3 {[%clk 1:33:22]} b6 {[%clk 1:28:05]} 9. f4 {[%clk 1:26:32]} Bb7 {[%clk
1:28:03]} 10. Be3 {[%clk 1:18:26]} d5 {[%clk 1:06:26]} 11. cxd5 {[%clk
0:52:06]} exd5 {[%clk 1:06:46]} 12. exd5 {[%clk 0:44:28]} Nb4 {[%clk 1:06:05]}
13. d6 {[%clk 0:37:37]} Bxg2 14. dxe7 {[%clk 0:29:38]} Qxe7 {[%clk 1:05:46]}
15. Kxg2 {[%clk 0:29:48]} Qxe3 {[%clk 1:06:05]} 16. Rf3 {[%clk 0:30:09]} Qe6
{[%clk 0:50:58]} 17. a3 {[%clk 0:20:28]} Nd5 {[%clk 0:50:20]} 18. Nxd5 {[%clk
0:20:39]} Qxd5 {[%clk 0:50:41]} 19. Nc3 {[%clk 0:20:34]} Qb7 {[%clk 0:37:12]}
20. Qd2 {[%clk 0:17:45]} Rad8 {[%clk 0:36:02]} 21. Rd1 {[%clk 0:11:53]} Rfe8
{[%clk 0:35:09]} 22. Ne4 {[%clk 0:11:12]} Rxe4 {[%clk 0:35:19]} 0-1